|
|
|
|
| LEADER |
00000nam0a2200000 4500 |
| 001 |
29127 |
| 005 |
20231030203152.0 |
| 010 |
|
|
|a 5020031445
|
| 035 |
|
|
|a (RuTPU)RU\TPU\book\29386
|
| 035 |
|
|
|a BOOK00029461
|
| 090 |
|
|
|a 29127
|
| 100 |
|
|
|a 20011209d1992 k y0rusy50 ca
|
| 101 |
0 |
|
|a rus
|
| 102 |
|
|
|a RU
|
| 105 |
|
|
|a а 000|y
|
| 200 |
1 |
|
|a Низкофоновая радиометрия
|f Под ред. Э. В. Соботович; Ин-т геохимии и аналитической химии РАН
|
| 210 |
|
|
|a Москва
|c Наука
|d 1992
|
| 215 |
|
|
|a 257 с.
|c ил.
|
| 320 |
|
|
|a Библиогр. в конце глав.
|
| 610 |
1 |
|
|a геология
|
| 610 |
1 |
|
|a радиометрия
|
| 610 |
1 |
|
|a низкофоновая радиометрия
|
| 610 |
1 |
|
|a радионуклиды
|
| 610 |
1 |
|
|a содержание
|
| 610 |
1 |
|
|a метеориты
|
| 610 |
1 |
|
|a лунное вещество
|
| 610 |
1 |
|
|a радиометрические устройства
|
| 675 |
|
|
|a 550.42:546
|v 3
|
| 702 |
|
1 |
|a Соботович
|b Э. В
|
| 712 |
0 |
2 |
|a Российская академия наук
|b Институт геохимии и аналитической химии (РАН ГЕОХИ)
|c (Москва)
|2 stltpush
|3 (RuTPU)RU\TPU\col\192
|
| 801 |
|
0 |
|a RU
|b 63413507
|c 20011209
|g PSBO
|
| 801 |
|
2 |
|a RU
|b 63413507
|c 20161128
|g PSBO
|
| 900 |
|
|
|a Радиометрия и ядерная геофизика
|
| 942 |
|
|
|c BK
|